The poems of Richard Lovelace / (Record no. 19797)
[ view plain ]
| 000 -LEADER | |
|---|---|
| fixed length control field | 01150cam a22002771 4500 |
| 001 - CONTROL NUMBER | |
| control field | 19797 |
| 003 - CONTROL NUMBER IDENTIFIER | |
| rucl marc code | BD-RjUL |
| 005 - DATE AND TIME OF LATEST TRANSACTION | |
| control field | 20211209000459.0 |
| 008 - FIXED-LENGTH DATA ELEMENTS--GENERAL INFORMATION | |
| fixed length control field | 140225s1953 xx 000 0 eng |
| 035 ## - SYSTEM CONTROL NUMBER | |
| System control number | (BD-RjUL)19853 |
| System control number | (OCoLC)367361 |
| 040 ## - CATALOGING SOURCE | |
| Original cataloging agency | DLC |
| Transcribing agency | OAkU |
| Modifying agency | OCoLC |
| -- | DLC |
| -- | BD-RjUL |
| Language of cataloging | eng |
| 041 ## - LANGUAGE CODE | |
| Language code of text/sound track or separate title | eng |
| 082 ## - DEWEY DECIMAL CLASSIFICATION NUMBER | |
| Classification number | 821.4 |
| Author mark and year | POE |
| 100 1# - MAIN ENTRY--PERSONAL NAME | |
| Personal name | Lovelace, Richard, |
| Dates associated with a name | 1618-1658. |
| 9 (RLIN) | 60819 |
| 245 04 - TITLE STATEMENT | |
| Title | The poems of Richard Lovelace / |
| Statement of responsibility, etc. | edited by C. H. Wilkinson. |
| 260 ## - PUBLICATION, DISTRIBUTION, ETC. (IMPRINT) | |
| Place of publication, distribution, etc. | Oxford : |
| Name of publisher, distributor, etc. | The Clarendon Press, |
| Date of publication, distribution, etc. | 1953. |
| 300 ## - PHYSICAL DESCRIPTION | |
| Pagination | 366 p. : |
| Illustrations | front., illus. (music) plates, ports., facsims. (incl. music). ; |
| Size | 30 cm. |
| 500 ## - GENERAL NOTE | |
| General note | With facsimiles of original title-pages. |
| General note | "Larger-paper edition, limited to 400 copies, of which 350 are for sale." |
| 505 0# - FORMATTED CONTENTS NOTE | |
| Formatted contents note | v. 1. Preface. Introduction. Notes. Appendixes: Accounts of Lovelace by Aubrey and Anthony à Wood. The Kentish petition. - v. 2. Lucasta, 1649. Lucasta. Posthume poems, 1659-1660. Elegies, 1660. Textual notes. |
| 700 1# - ADDED ENTRY--PERSONAL NAME | |
| Personal name | Wilkinson, Cyril Hackett, |
| Dates associated with a name | 1888-1960, |
| Relator term | ed. |
| 942 ## - ADDED ENTRY ELEMENTS (KOHA) | |
| Source of classification or shelving scheme | Dewey Decimal Classification |
| Koha item type | Books |
| Lost status | Source of classification or shelving scheme | Damaged status | Not for loan | Collection code | Permanent Location | Current Location | Shelving location | Date acquired | Source of acquisition | Cost, normal purchase price | Total Checkouts | Full call number | Date last seen | Copy number | Koha item type |
|---|---|---|---|---|---|---|---|---|---|---|---|---|---|---|---|
| Dewey Decimal Classification | Fiction | Central Library, University of Rajshahi | Central Library, University of Rajshahi | Reading Room | 19/02/1955 | Court H. St. Dacca | 14.00 | 821.4 POE 1953 | 25/02/2014 | C-1 | Books |